000 00593nam a22002417a 4500
003 UA-OsUOA
001 27866
007 ta
008 20040915b un ||||| |||| 00| 0 ukr d
100 _aБатуринский В.
090 _a794.1
_bБ28
942 _cBK
040 _aUA-OsUOA
_brus
_cUA-OsUOA
_dUA-OsUOA
245 _aНа шахматном Олимпе
300 _a192 с.
_bІлюстрації
955 _a0
041 _arus
080 _a794.1
260 _aМосква
_bСоветская Россия
_c1984
044 _aRU
650 7 _2UDC
999 _c314218
_d314218